00833nam a2200241Ia 4500001000600000003000900006008004100015040001300056040001300069041001300082100002600095100002900121245004300150245005300193250001100246260001300257260001800270260004900288300005600337500013900393650002800532650003100560 9248IT-RoPAU130308s9999 xx 000 0 und d aIT-RoPAU cIT-RoPAU aFRANCESE aMarcadè Jean-Claude gCodice Aut. SPICS: 10328 aQu'est-ce que le suprematisme?-Preface bLumiere et la Couleur (La)-Textes de 1918 a 1926 a1a ed. aLAUSANNE bL'Age D'Homme c1981 [1° Ed.:1981 - Ed.Ling.Originale:1981] a"30 p. (prefazione: no ; testo: 30 [pagine: 7-36])" aSuprematismo Suprematismo Anticostruttivo Suprematismo Mistico? Suprematismo Non Oggettivo Suprematismo Come Filosofia della totalita' aAUTORI/OPERE DI PITTURA eCodice materia Spics: 5207